[Event "Open"]
[Site "Schneeberg"]
[Date "2009.03.09"]
[Round "1.1"]
[White "Meijers, Viesturs"]
[Black "Bach, Markus"]
[Result "1-0"]
[WhiteElo "2493"]
[BlackElo "1959"]
[PlyCount "107"]
[EventDate "2009.??.??"]

1. e4 e5 2. Nf3 Nc6 3. Bb5 Bc5 4. O-O Qf6 5. d3 h6 6. c3 Nge7 7. Be3 Bb6 8. d4
O-O 9. d5 Nb8 10. d6 Ng6 11. Bxb6 cxb6 12. Re1 a6 13. Bf1 b5 14. Na3 b6 15. Qd2
Nc6 16. Rad1 Qf4 17. Qd3 Bb7 18. g3 Qf6 19. Qe3 Rab8 20. h4 Rfe8 21. Bh3 Nf8
22. Nh2 Ba8 23. Nc2 h5 24. Qe2 g6 25. Nf1 Nd8 26. Nb4 Bb7 27. Qe3 a5 28. Nd5
Bxd5 29. Rxd5 Nc6 30. Red1 b4 31. Rb5 Qd8 32. Nd2 Na7 33. Rd5 Nc6 34. Qe2 Nh7
35. Nf3 f6 36. a3 Kg7 37. Rb1 Nf8 38. Qd2 b5 39. axb4 axb4 40. cxb4 Qb6 41. Rc1
Ne6 42. Kg2 Rb7 43. Qc3 Qa7 44. Qa3 Qb6 45. Kf1 Ra7 46. Qe3 Qa6 47. Bxe6 Nxb4
48. Qc5 Nxd5 49. Bxd5 Rb8 50. b4 Rb6 51. Kg2 Rxd6 52. Ra1 Qxa1 53. Qxd6 Qa6 54.
Qe7+ 1-0

[Event "Open"]
[Site "Schneeberg"]
[Date "2009.03.09"]
[Round "1.1"]
[White "Stark, Saskia"]
[Black "Simutowe, Amon"]
[Result "0-1"]
[WhiteElo "1929"]
[BlackElo "2485"]
[PlyCount "60"]
[EventDate "2009.??.??"]
[WhiteTeam "Deutschland"]
[BlackTeam "Zambia"]
[WhiteTeamCountry "GER"]
[BlackTeamCountry "ZAM"]

1. e4 c6 2. d4 d5 3. Nc3 dxe4 4. Nxe4 Nd7 5. Nf3 Ngf6 6. Nxf6+ Nxf6 7. Bd3 Bg4
8. c3 e6 9. h3 Bh5 10. Bf4 Nd5 11. Bh2 Bd6 12. Bxd6 Qxd6 13. g4 Bg6 14. Ne5
Bxd3 15. Nxd3 O-O 16. Qf3 b6 17. O-O a5 18. Rad1 a4 19. c4 Ne7 20. Qf4 Rfd8 21.
Qg5 Ng6 22. Nc1 Nf4 23. Qh4 e5 24. d5 cxd5 25. cxd5 a3 26. b3 Rac8 27. Rd2 Rc3
28. f3 Rdc8 29. Ne2 Qc5+ 30. Rf2 Rd3 0-1

[Event "Open"]
[Site "Schneeberg"]
[Date "2009.03.09"]
[Round "1.1"]
[White "Gottwald, Lutz"]
[Black "Ksieski, Zbigniew"]
[Result "0-1"]
[WhiteElo "1900"]
[BlackElo "2385"]
[PlyCount "52"]
[EventDate "2009.??.??"]

1. d4 Nf6 2. c4 e6 3. e3 Bb4+ 4. Bd2 Be7 5. Nc3 d5 6. Nf3 O-O 7. Qc2 c5 8. Bd3
Nc6 9. Ne2 cxd4 10. exd4 Nb4 11. Bxb4 Bxb4+ 12. Nc3 dxc4 13. Bxc4 b6 14. O-O
Bb7 15. Be2 Rc8 16. Qb3 Bxc3 17. bxc3 Qc7 18. c4 Qf4 19. Qe3 Qxe3 20. fxe3 Ng4
21. e4 Ne3 22. Rfc1 Bxe4 23. Ne1 Rfd8 24. Rc3 Nf5 25. d5 exd5 26. Bg4 Rxc4 0-1

[Event "Open"]
[Site "Schneeberg"]
[Date "2009.03.09"]
[Round "1.1"]
[White "Vasilevich, Tatjana"]
[Black "Bulano, Alexander"]
[Result "1-0"]
[WhiteElo "2381"]
[BlackElo "1816"]
[PlyCount "39"]
[EventDate "2009.??.??"]
[WhiteTeam "Ukraine"]
[BlackTeam "Deutschland"]
[WhiteTeamCountry "UKR"]
[BlackTeamCountry "GER"]

1. d4 e6 2. Nf3 b6 3. e3 Bb7 4. Bd3 d6 5. b3 Nd7 6. Bb2 Ngf6 7. O-O Be7 8. Nbd2
c5 9. Qe2 Qc7 10. c4 d5 11. Rac1 Rc8 12. dxc5 bxc5 13. cxd5 exd5 14. e4 Qf4 15.
exd5 Bxd5 16. Ne5 Be6 17. Bc4 Nxe5 18. Bxe5 Qf5 19. Bb5+ Nd7 20. Bxg7 1-0

[Event "Open"]
[Site "Schneeberg"]
[Date "2009.03.09"]
[Round "1.1"]
[White "Spitzner, Frank"]
[Black "Natsidis, Christoph"]
[Result "0-1"]
[WhiteElo "1806"]
[BlackElo "2302"]
[PlyCount "74"]
[EventDate "2009.??.??"]

1. Nf3 d5 2. g3 c5 3. Bg2 Nc6 4. O-O e5 5. d3 f6 6. Nbd2 Be6 7. c3 Bd6 8. e4 d4
9. a4 Nge7 10. Qe2 Qd7 11. Re1 Bc7 12. Nh4 O-O-O 13. c4 g5 14. Nhf3 Ng6 15. Nb3
Bd6 16. Bd2 b6 17. Rec1 h5 18. a5 h4 19. axb6 axb6 20. Ra8+ Bb8 21. Ra6 Kb7 22.
Rca1 Qh7 23. Qd1 Kc7 24. Nxc5 bxc5 25. Qa4 Rd6 26. Qb5 Rdd8 27. Qa4 Rd6 28. Qb5
hxg3 29. Qb6+ Kc8 30. Qxc5 gxf2+ 31. Kxf2 Qc7 32. b4 Nf4 33. Bxf4 gxf4 34. b5
Nd8 35. Qb4 Nb7 36. Rxd6 Qxd6 37. Qb1 Nc5 0-1

[Event "Open"]
[Site "Schneeberg"]
[Date "2009.03.09"]
[Round "1.1"]
[White "Melamed, Tatiana"]
[Black "Schoenemann, Robert"]
[Result "1-0"]
[WhiteElo "2293"]
[BlackElo "1659"]
[PlyCount "49"]
[EventDate "2009.??.??"]
[WhiteTeam "Ukraine"]
[BlackTeam "Deutschland"]
[WhiteTeamCountry "UKR"]
[BlackTeamCountry "GER"]

1. e4 c5 2. Nf3 d6 3. Bb5+ Bd7 4. Bxd7+ Nxd7 5. O-O Ngf6 6. Qe2 e5 7. c3 Be7 8.
d4 a6 9. dxe5 dxe5 10. c4 Qc7 11. Nc3 O-O 12. Nh4 Nb6 13. Nf5 g6 14. Nxe7+ Qxe7
15. Bg5 Qe6 16. Rad1 Nh5 17. Nd5 Nxd5 18. Rxd5 Rfc8 19. Rfd1 b5 20. h3 Rab8 21.
b3 bxc4 22. Qxc4 Rb4 23. Rd8+ Rxd8 24. Rxd8+ Kg7 25. Qxc5 1-0

[Event "Open"]
[Site "Schneeberg"]
[Date "2009.03.09"]
[Round "1.1"]
[White "Kuenne, Lutz Dieter Dr"]
[Black "Schulz, Karsten"]
[Result "0-1"]
[WhiteElo "1620"]
[BlackElo "2288"]
[PlyCount "44"]
[EventDate "2009.??.??"]

1. e4 g6 2. d3 Bg7 3. Nc3 d6 4. g3 c5 5. Bg2 Nc6 6. f4 Nf6 7. Nf3 O-O 8. O-O
Rb8 9. h3 b5 10. Be3 b4 11. Ne2 a5 12. c3 bxc3 13. bxc3 Ba6 14. Qc2 Nd7 15.
Rab1 Qc7 16. a3 Rxb1 17. Rxb1 Rb8 18. c4 Rxb1+ 19. Qxb1 Qb6 20. Qxb6 Nxb6 21.
Bc1 Na4 22. Ne1 Nc3 0-1

[Event "Open"]
[Site "Schneeberg"]
[Date "2009.03.09"]
[Round "1.2"]
[White "Fuchs, Florian"]
[Black "Schnabel, Ralf"]
[Result "0-1"]
[WhiteElo "1878"]
[BlackElo "2245"]
[PlyCount "29"]
[EventDate "2009.??.??"]
[WhiteTeam "Deutschland"]
[BlackTeam "Deutschland"]
[WhiteTeamCountry "GER"]
[BlackTeamCountry "GER"]

1. d4 f5 2. h3 d5 3. g4 Nf6 4. Bg2 c6 5. c4 fxg4 6. hxg4 Bxg4 7. Nc3 e6 8. Bf4
Bd6 9. Bg5 Qa5 10. Bxf6 gxf6 11. c5 Be7 12. f3 Bf5 13. e4 dxe4 14. fxe4 Bg6 15.
Qb3 0-1

[Event "Open"]
[Site "Schneeberg"]
[Date "2009.03.09"]
[Round "1.2"]
[White "Welz, Peter Dr"]
[Black "Faber, Lutz"]
[Result "1-0"]
[WhiteElo "2232"]
[BlackElo "1749"]
[PlyCount "111"]
[EventDate "2009.??.??"]

1. e4 e5 2. Nf3 Nc6 3. d4 exd4 4. Nxd4 Qh4 5. Nb5 Qxe4+ 6. Be3 Kd8 7. Nd2 Qg6
8. Nf3 d6 9. Bd3 Qh5 10. Qd2 Be7 11. O-O-O Bg4 12. Be2 Bxf3 13. gxf3 a6 14. Nc3
Qa5 15. Rhg1 g6 16. Kb1 Kd7 17. Qc1 Nf6 18. a3 Rhb8 19. Rg5 b5 20. b4 Nxb4 21.
axb4 Qxb4+ 22. Qb2 Qxb2+ 23. Kxb2 Nh5 24. Rgg1 Bf6 25. Kb3 Bh8 26. Ne4 Ke7 27.
f4 Nf6 28. Nxf6 Bxf6 29. Bf3 c5 30. Bxa8 Rxa8 31. f5 a5 32. fxg6 hxg6 33. Bg5
a4+ 34. Ka2 Bxg5 35. Rxg5 b4 36. c3 bxc3 37. Rc1 Rh8 38. Rg2 Rh3 39. Re1+ Kf6
40. Re3 Rxe3 41. fxe3 Ke5 42. Rc2 Ke4 43. Rxc3 f5 44. Kb2 g5 45. Kc2 f4 46. Kd2
f3 47. Rc4+ Ke5 48. Ke1 a3 49. Kf2 a2 50. Ra4 g4 51. Rxa2 c4 52. Rd2 d5 53. Rd4
c3 54. Rxg4 c2 55. Rg1 Ke4 56. h4 1-0

[Event "Open"]
[Site "Schneeberg"]
[Date "2009.03.09"]
[Round "1.2"]
[White "Bennewitz, Ralph"]
[Black "Jandke, Manfred"]
[Result "0-1"]
[WhiteElo "1748"]
[BlackElo "2177"]
[PlyCount "66"]
[EventDate "2009.??.??"]
[WhiteTeam "Deutschland"]
[BlackTeam "Deutschland"]
[WhiteTeamCountry "GER"]
[BlackTeamCountry "GER"]

1. b3 d5 2. Bb2 Nf6 3. e3 Bf5 4. Nf3 Nbd7 5. Be2 h6 6. d4 e6 7. Nbd2 Be7 8. O-O
O-O 9. c4 c6 10. Rc1 Re8 11. Ne5 a5 12. Ndf3 a4 13. bxa4 Nb6 14. Qb3 dxc4 15.
Nxc4 Nxa4 16. Nfe5 Nxb2 17. Qxb2 Ra7 18. a3 Nd5 19. Bh5 Rf8 20. e4 Bxe4 21. Qe2
Nf6 22. f3 Bd5 23. Bxf7+ Rxf7 24. Nxf7 Kxf7 25. Ne5+ Kg8 26. Qd3 Qe8 27. Ra1
Nd7 28. f4 Ra4 29. Ng6 Bd6 30. f5 Rxd4 31. Qh3 exf5 32. Qxf5 Be4 33. Rae1 Qxg6
0-1

[Event "Open"]
[Site "Schneeberg"]
[Date "2009.03.09"]
[Round "1.2"]
[White "Eichner, Christian"]
[Black "Vodel, Mathias"]
[Result "1-0"]
[WhiteElo "2161"]
[BlackElo "1715"]
[PlyCount "71"]
[EventDate "2009.??.??"]

1. e4 e6 2. d4 d5 3. Nd2 Nd7 4. Ngf3 dxe4 5. Nxe4 Ngf6 6. Bd3 Nxe4 7. Bxe4 Nf6
8. Bd3 Bd7 9. Ne5 Bd6 10. O-O Qe7 11. c4 c5 12. Nxd7 Qxd7 13. Qe2 cxd4 14. c5
Bxh2+ 15. Kxh2 Qc7+ 16. Kg1 Qxc5 17. Bb5+ Ke7 18. Bd2 a6 19. Ba4 b5 20. Rac1
Qb6 21. Bb4+ Kd7 22. Bb3 Rhc8 23. Qe5 d3 24. Bc5 Qc6 25. Rfd1 Ne4 26. Rxd3+ Ke8
27. Be3 Qxc1+ 28. Bxc1 Rxc1+ 29. Rd1 Rxd1+ 30. Bxd1 Nf6 31. Qc7 Rd8 32. Bf3 Nd5
33. Qc6+ Ke7 34. Qxa6 b4 35. Qb7+ Rd7 36. Bxd5 1-0

[Event "Open"]
[Site "Schneeberg"]
[Date "2009.03.09"]
[Round "1.2"]
[White "Bachmann, Uwe"]
[Black "Poessel, Christian"]
[Result "1/2-1/2"]
[WhiteElo "2042"]
[BlackElo "1582"]
[PlyCount "52"]
[EventDate "2009.??.??"]
[WhiteTeam "Deutschland"]
[BlackTeam "Deutschland"]
[WhiteTeamCountry "GER"]
[BlackTeamCountry "GER"]

1. c4 Nf6 2. Nf3 g6 3. Nc3 Bg7 4. g3 d6 5. Bg2 e5 6. O-O O-O 7. d3 Nc6 8. Bd2
Bd7 9. a3 Ne7 10. c5 Rc8 11. Rc1 Nc6 12. cxd6 cxd6 13. Bg5 h6 14. Be3 d5 15. d4
e4 16. Ne5 Be6 17. Nxc6 Rxc6 18. Bd2 Ne8 19. e3 Nd6 20. Na4 Rxc1 21. Qxc1 b6
22. Bb4 Qd7 23. Bxd6 Qxd6 24. Qd2 Rc8 25. Rc1 Rxc1+ 26. Qxc1 f5 1/2-1/2

[Event "Open"]
[Site "Schneeberg"]
[Date "2009.03.09"]
[Round "1.2"]
[White "Schoenfelder, Claus"]
[Black "Wiezer, Siegfried"]
[Result "0-1"]
[WhiteElo "1542"]
[BlackElo "2030"]
[PlyCount "64"]
[EventDate "2009.??.??"]

1. e4 d6 2. Nf3 Nf6 3. d3 e5 4. Be2 c5 5. Nc3 Nc6 6. Bg5 Be7 7. Bxf6 Bxf6 8.
Nd5 Qa5+ 9. Qd2 Bd8 10. Qxa5 Bxa5+ 11. c3 O-O 12. O-O Be6 13. a3 Bxd5 14. exd5
Ne7 15. c4 Bd8 16. b4 b6 17. b5 Ng6 18. g3 f5 19. Rfd1 Bf6 20. Rab1 Rae8 21.
Ne1 Re7 22. a4 e4 23. dxe4 fxe4 24. Ng2 Bd4 25. Rf1 Ref7 26. Bg4 Rxf2 27. Rxf2
Rxf2 28. Kh1 Ra2 29. Re1 Rxa4 30. Rxe4 Rxc4 31. Nf4 Rc1+ 32. Kg2 Ne5 0-1

[Event "Open"]
[Site "Schneeberg"]
[Date "2009.03.10"]
[Round "2.1"]
[White "Jandke, Manfred"]
[Black "Meijers, Viesturs"]
[Result "0-1"]
[WhiteElo "2177"]
[BlackElo "2493"]
[PlyCount "50"]
[EventDate "2009.??.??"]

1. d4 e6 2. e4 b6 3. Nc3 Bb7 4. Be3 Bb4 5. Bd3 f5 6. exf5 Bxg2 7. Qh5+ Kf8 8.
fxe6 dxe6 9. Nge2 Nf6 10. Qh4 Bxc3+ 11. bxc3 Bxh1 12. Nf4 Kf7 13. O-O-O Bb7 14.
Rg1 Qe7 15. d5 Bxd5 16. Bd4 Nbd7 17. Nh5 Rag8 18. Re1 c5 19. Be3 Nxh5 20. Qxh5+
g6 21. Qh6 Qf6 22. c4 Bc6 23. Bg5 Qc3 24. Re3 Qa1+ 25. Kd2 Re8 0-1

[Event "Open"]
[Site "Schneeberg"]
[Date "2009.03.10"]
[Round "2.1"]
[White "Simutowe, Amon"]
[Black "Welz, Peter Dr"]
[Result "1-0"]
[WhiteElo "2485"]
[BlackElo "2232"]
[PlyCount "81"]
[EventDate "2009.??.??"]
[WhiteTeam "Zambia"]
[BlackTeam "Deutschland"]
[WhiteTeamCountry "ZAM"]
[BlackTeamCountry "GER"]

1. e4 e6 2. d4 d5 3. Nc3 Bb4 4. exd5 exd5 5. Bd3 Nf6 6. Bg5 O-O 7. a3 Be7 8. h3
c6 9. Be3 Re8 10. Qf3 Nbd7 11. Nge2 Nf8 12. Nf4 Ng6 13. Nxg6 hxg6 14. O-O Bd6
15. Rfe1 Bc7 16. Bg5 Qd6 17. Rxe8+ Nxe8 18. Re1 Be6 19. Kf1 Qd7 20. Ne2 Bf5 21.
Nf4 Nf6 22. Bxf6 gxf6 23. g4 Bxf4 24. Bxf5 Qd6 25. Bd3 Kf8 26. h4 Re8 27. Rxe8+
Kxe8 28. h5 gxh5 29. gxh5 Bc1 30. Qh3 f5 31. Bxf5 Qf4 32. Bc8 Bxb2 33. h6 Qc1+
34. Kg2 Qg5+ 35. Kf3 Qf6+ 36. Ke2 Bxd4 37. h7 Qxf2+ 38. Kd3 Be5 39. Qd7+ Kf8
40. Qd8+ Kg7 41. h8=Q+ 1-0

[Event "Open"]
[Site "Schneeberg"]
[Date "2009.03.10"]
[Round "2.1"]
[White "Ksieski, Zbigniew"]
[Black "Eichner, Christian"]
[Result "1-0"]
[WhiteElo "2385"]
[BlackElo "2161"]
[PlyCount "109"]
[EventDate "2009.??.??"]

1. c4 g6 2. e4 e5 3. Nf3 Nc6 4. d4 exd4 5. Nxd4 Qf6 6. Nb5 Qd8 7. N1c3 a6 8.
Nd4 Bg7 9. Be3 Nge7 10. h4 d6 11. h5 Ne5 12. h6 Bf6 13. Be2 O-O 14. f4 N5c6 15.
O-O Bxd4 16. Bxd4 f6 17. Be3 f5 18. c5 Be6 19. cxd6 Qxd6 20. g4 Qb4 21. a3 Qxb2
22. Na4 Qb3 23. Qxb3 Bxb3 24. Nc5 Bf7 25. Nxb7 fxe4 26. Rfc1 Rfb8 27. Rab1 Ba2
28. Rb2 Bd5 29. Rcb1 Kf7 30. Kf2 Ng8 31. Nc5 Nxh6 32. Rxb8 Rxb8 33. Rh1 Kg7 34.
Rd1 Rb2 35. Ke1 Rxe2+ 36. Kxe2 Bc4+ 37. Ke1 Nxg4 38. Rd7+ Kg8 39. Kd2 Na5 40.
Rxc7 Nb3+ 41. Nxb3 Bxb3 42. Bd4 Nh6 43. Rg7+ Kf8 44. Ra7 Nf5 45. Bc5+ Ke8 46.
Rxa6 Kd7 47. a4 Bc4 48. Rb6 h5 49. Rxg6 h4 50. Rg1 Kc6 51. Bf2 Kd5 52. Rh1 Bb3
53. a5 Bc4 54. Rc1 Ba6 55. Rc5+ 1-0

[Event "Open"]
[Site "Schneeberg"]
[Date "2009.03.10"]
[Round "2.1"]
[White "Nabavi, Parwis"]
[Black "Vasilevich, Tatjana"]
[Result "0-1"]
[WhiteElo "2113"]
[BlackElo "2381"]
[PlyCount "62"]
[EventDate "2009.??.??"]
[WhiteTeam "Schweiz"]
[BlackTeam "Ukraine"]
[WhiteTeamCountry "SUI"]
[BlackTeamCountry "UKR"]

1. d4 f5 2. Nf3 Nf6 3. g3 e6 4. Bg2 Be7 5. O-O O-O 6. c4 d6 7. Nc3 Qe8 8. Re1
Qg6 9. e4 Nxe4 10. Nxe4 fxe4 11. Rxe4 Nc6 12. Qe2 Bf6 13. Bd2 e5 14. dxe5 dxe5
15. Bc3 Bf5 16. Nxe5 Bxe5 17. Bxe5 Bxe4 18. Bxe4 Qh6 19. Bxc7 Rae8 20. Bf4 Qh3
21. Bd6 Nd4 22. Qd3 Rxe4 23. Bxf8 Rh4 24. f4 Qxh2+ 25. Kf1 Qh1+ 26. Kf2 Rh2+
27. Ke3 Qxa1 28. Kxd4 Qxb2+ 29. Ke4 Qe2+ 30. Qxe2 Rxe2+ 31. Kf3 Rxa2 0-1

[Event "Open"]
[Site "Schneeberg"]
[Date "2009.03.10"]
[Round "2.1"]
[White "Natsidis, Christoph"]
[Black "Zimmermann, Rene"]
[Result "1-0"]
[WhiteElo "2302"]
[BlackElo "2016"]
[PlyCount "73"]
[EventDate "2009.??.??"]

1. d4 d5 2. Nf3 c6 3. c4 e6 4. Qc2 Bd6 5. g3 f5 6. Bg2 Nf6 7. O-O O-O 8. b3 Re8
9. Bb2 b6 10. Ne5 Qc7 11. Nd2 Bb7 12. Rac1 c5 13. cxd5 Bxd5 14. e4 fxe4 15.
Nxe4 Bxe5 16. dxe5 Nxe4 17. Bxe4 Bxe4 18. Qxe4 Nc6 19. b4 Ne7 20. bxc5 bxc5 21.
Ba3 Qa5 22. Bxc5 Nd5 23. a3 Rac8 24. Bd6 Qd2 25. Rxc8 Rxc8 26. Qg4 Kf7 27. Qa4
Rd8 28. Qxa7+ Kg6 29. Qa4 Nc3 30. Qc4 Ne2+ 31. Kg2 Nd4 32. h4 h5 33. Qc7 Ra8
34. Qb7 Ra5 35. Bb4 Qe2 36. Bxa5 Nf5 37. Qf3 1-0

[Event "Open"]
[Site "Schneeberg"]
[Date "2009.03.10"]
[Round "2.1"]
[White "Wiezer, Siegfried"]
[Black "Melamed, Tatiana"]
[Result "0-1"]
[WhiteElo "2030"]
[BlackElo "2293"]
[PlyCount "65"]
[EventDate "2009.??.??"]
[WhiteTeam "Deutschland"]
[BlackTeam "Ukraine"]
[WhiteTeamCountry "GER"]
[BlackTeamCountry "UKR"]

1. Nf3 Nf6 2. b4 c6 3. e3 Qb6 4. a3 a5 5. bxa5 Rxa5 6. d4 d5 7. Bd2 Ra8 8. c4
e6 9. c5 Qc7 10. Qb3 Nbd7 11. Be2 e5 12. O-O Be7 13. Nc3 O-O 14. Na4 Ne4 15.
Bb4 exd4 16. exd4 Bf6 17. Rad1 Re8 18. Rfe1 Rb8 19. Bd3 Nf8 20. Qc2 Bg4 21.
Bxe4 dxe4 22. Rxe4 Bf5 23. Rde1 Bxe4 24. Rxe4 Rxe4 25. Qxe4 Ne6 26. Nb6 Qf4 27.
Qxf4 Nxf4 28. Nd7 Ra8 29. Nxf6+ gxf6 30. Kf1 Nd5 31. Ne1 Nxb4 32. axb4 Ra2 33.
Nf3 0-1

[Event "Open"]
[Site "Schneeberg"]
[Date "2009.03.10"]
[Round "2.1"]
[White "Schulz, Karsten"]
[Black "Lassahn, Holger"]
[Result "1-0"]
[WhiteElo "2288"]
[BlackElo "2007"]
[PlyCount "77"]
[EventDate "2009.??.??"]

1. Nf3 d5 2. g3 c6 3. Bg2 Nf6 4. O-O Bf5 5. d3 e6 6. c4 dxc4 7. dxc4 Qxd1 8.
Rxd1 Bc5 9. Nd4 Be4 10. Bh3 Nbd7 11. Nc3 Bg6 12. Be3 Bb6 13. Rac1 e5 14. Nc2
Bxc2 15. Rxc2 Bxe3 16. fxe3 Nb6 17. c5 Nbd5 18. Nxd5 Nxd5 19. Kf2 Ke7 20. e4
Nf6 21. Ke3 Rhd8 22. Rd3 Rab8 23. Rc4 Ne8 24. Ra4 Nc7 25. Rxa7 Rxd3+ 26. exd3
Na6 27. d4 exd4+ 28. Kxd4 Kd8 29. Bf1 Nc7 30. Bc4 Ke7 31. b4 f5 32. exf5 Kf6
33. a4 Kxf5 34. b5 cxb5 35. axb5 Ne8 36. Bd5 Nc7 37. Kc4 Nxd5 38. Kxd5 h5 39.
Kd6 1-0

[Event "Open"]
[Site "Schneeberg"]
[Date "2009.03.10"]
[Round "2.2"]
[White "Schnabel, Ralf"]
[Black "Coder, Thorsten"]
[Result "1-0"]
[WhiteElo "2245"]
[BlackElo "1986"]
[PlyCount "133"]
[EventDate "2009.??.??"]
[WhiteTeam "Deutschland"]
[BlackTeam "Deutschland"]
[WhiteTeamCountry "GER"]
[BlackTeamCountry "GER"]

1. e4 c5 2. Nf3 Nc6 3. d4 cxd4 4. Nxd4 d6 5. Nc3 Nf6 6. Be2 e6 7. Be3 Be7 8.
O-O Bd7 9. f4 a6 10. Qe1 O-O 11. Qg3 Rc8 12. Rae1 Qc7 13. Kh1 Kh8 14. a3 Na5
15. e5 Nd5 16. Nxd5 exd5 17. Bd3 Nc4 18. Bc1 dxe5 19. fxe5 Qb6 20. Nf5 Bxf5 21.
Bxf5 Rcd8 22. Rf3 Qd4 23. Rf4 Qb6 24. e6 fxe6 25. Rxe6 Qc7 26. Qh3 g6 27. Bxg6
Bg5 28. Rxf8+ Rxf8 29. Re1 Bxc1 30. Rxc1 Qg7 31. Bf5 Nxb2 32. g4 Nc4 33. Re1
Nd6 34. Qd3 Nxf5 35. gxf5 Qf6 36. Qxd5 Qxf5 37. Qxb7 Qxc2 38. Qxa6 Qc3 39. Qe2
Qc6+ 40. Qe4 Qxe4+ 41. Rxe4 Rf2 42. Kg1 Ra2 43. a4 Kg7 44. Rf4 Kg6 45. h4 Kh5
46. Kf1 Rb2 47. Ke1 Rc2 48. Kd1 Rb2 49. Kc1 Ra2 50. Kb1 Re2 51. a5 Kg6 52. Ra4
Kf5 53. a6 Re8 54. a7 Ra8 55. Kc2 Ke5 56. Kd3 Kd5 57. Ke3 Ke5 58. Ra5+ Kf6 59.
Kf4 Kg6 60. Kg4 h5+ 61. Kf4 Kf6 62. Ra6+ Kf7 63. Kg5 Kg7 64. Kxh5 Kh7 65. Kg5
Kg7 66. Kf5 Kf7 67. Ke5 1-0

[Event "Open"]
[Site "Schneeberg"]
[Date "2009.03.10"]
[Round "2.2"]
[White "Wichmann, Cliff"]
[Black "Kindl, Bjoern"]
[Result "1-0"]
[WhiteElo "2389"]
[BlackElo "1443"]
[PlyCount "57"]
[EventDate "2009.??.??"]

1. d4 d6 2. c4 e5 3. Nc3 exd4 4. Qxd4 Nf6 5. Nf3 Nc6 6. Qd2 Be7 7. b3 Bf5 8.
Bb2 Qd7 9. Nd5 Ne4 10. Qf4 g5 11. Qc1 Rg8 12. e3 h5 13. Be2 O-O-O 14. Nd4 Nxd4
15. Bxd4 c5 16. Bb2 g4 17. Bd3 Qe6 18. Qc2 Bh4 19. O-O-O Kb8 20. f3 gxf3 21.
gxf3 Ng3 22. hxg3 Bxd3 23. Qxd3 Bxg3 24. Rxh5 Qg6 25. Qxg6 Rxg6 26. Rf5 Rf8 27.
Rg1 Re8 28. Rxf7 Rg5 29. Kc2 1-0

[Event "Open"]
[Site "Schneeberg"]
[Date "2009.03.10"]
[Round "2.2"]
[White "Poessel, Christian"]
[Black "Eichner, Sebastian"]
[Result "0-1"]
[WhiteElo "1582"]
[BlackElo "2326"]
[PlyCount "124"]
[EventDate "2009.??.??"]
[WhiteTeam "Deutschland"]
[BlackTeam "Deutschland"]
[WhiteTeamCountry "GER"]
[BlackTeamCountry "GER"]

1. d4 d5 2. c4 e6 3. Nc3 Nf6 4. Nf3 c6 5. e3 Nbd7 6. Bd3 dxc4 7. Bxc4 b5 8. Bd3
a6 9. e4 c5 10. Bg5 cxd4 11. Nxd4 Qb6 12. Nb3 Bb7 13. Be3 Qd8 14. f3 Bb4 15.
O-O Rc8 16. Rc1 Ne5 17. Be2 O-O 18. Qxd8 Rfxd8 19. Rfd1 Rd7 20. a3 Be7 21. Kf2
Kf8 22. Na5 Ba8 23. Na2 Rxc1 24. Rxc1 Ne8 25. Nb4 Bd8 26. Nac6 Nxc6 27. Nxc6
Bc7 28. g3 Bd6 29. Nb4 Bb7 30. Nd3 Rc7 31. Nc5 Bc8 32. b4 Ke7 33. f4 e5 34. Nd3
Rxc1 35. Bxc1 exf4 36. gxf4 f6 37. Bb2 Bb7 38. e5 fxe5 39. fxe5 Bc7 40. Bf3
Bb6+ 41. Ke2 Bxf3+ 42. Kxf3 Nc7 43. Ke4 Ne6 44. Kd5 Kd7 45. Nc5+ Bxc5 46. bxc5
Nc7+ 47. Ke4 g6 48. Bd4 Kc6 49. Bf2 Ne6 50. h4 Nxc5+ 51. Kd4 Ne6+ 52. Ke4 a5
53. Be1 a4 54. Bb4 Ng7 55. Be1 Kc5 56. Bb4+ Kc4 57. Be1 Ne6 58. Bb4 Nc5+ 59.
Ke3 Kd5 60. Bxc5 Kxc5 61. Ke4 h5 62. Kf4 Kd5 0-1

[Event "Open"]
[Site "Schneeberg"]
[Date "2009.03.10"]
[Round "2.2"]
[White "Opitz, Frank"]
[Black "Bachmann, Uwe"]
[Result "0-1"]
[WhiteElo "2009"]
[BlackElo "2042"]
[PlyCount "106"]
[EventDate "2009.??.??"]

1. d4 Nf6 2. Nc3 d5 3. Bg5 Bf5 4. e3 c6 5. Bd3 Bxd3 6. Qxd3 Nbd7 7. Nf3 e6 8.
O-O Be7 9. Ne5 Nxe5 10. dxe5 Nd7 11. Bxe7 Qxe7 12. f4 O-O 13. Kh1 Rad8 14. b4
Nb6 15. Rab1 c5 16. bxc5 Qxc5 17. Nb5 Nc4 18. Nd4 b6 19. Rb3 Rc8 20. Rfb1 Rfd8
21. Rc3 Qe7 22. Rcb3 Rc5 23. Rb5 Rdc8 24. Rxc5 Qxc5 25. Rb3 a6 26. Rc3 b5 27.
a3 a5 28. Rb3 b4 29. axb4 axb4 30. Qd1 Ra8 31. h3 Ra3 32. Qe1 g6 33. Qxb4 Qxb4
34. Rxb4 Nxe3 35. Rb8+ Kg7 36. Rb3 Ra1+ 37. Kh2 Nf1+ 38. Kg1 Nd2+ 39. Kf2 Nxb3
40. cxb3 Kf8 41. g4 Rb1 42. h4 Ke7 43. b4 Kd7 44. b5 Kc7 45. Ke3 Rh1 46. f5
Re1+ 47. Kd3 Rxe5 48. fxe6 fxe6 49. h5 gxh5 50. gxh5 Kb6 51. h6 Re4 52. Nf3 Rg4
53. Ne5 Rh4 0-1

[Event "Open"]
[Site "Schneeberg"]
[Date "2009.03.10"]
[Round "2.2"]
[White "Bach, Markus"]
[Black "Bennewitz, Ralph"]
[Result "1-0"]
[WhiteElo "1959"]
[BlackElo "1748"]
[PlyCount "99"]
[EventDate "2009.??.??"]
[WhiteTeam "Deutschland"]
[BlackTeam "Deutschland"]
[WhiteTeamCountry "GER"]
[BlackTeamCountry "GER"]

1. d4 Nf6 2. Nf3 d5 3. c4 e6 4. g3 Be7 5. Bg2 O-O 6. O-O Nbd7 7. Qc2 dxc4 8.
Qxc4 Nb6 9. Qc2 Nfd5 10. Nc3 Bd7 11. e4 Nb4 12. Qe2 c5 13. Be3 cxd4 14. Bxd4
Nc6 15. Be3 Bf6 16. e5 Nxe5 17. Nxe5 Bxe5 18. Bxb6 Qxb6 19. Qxe5 Qxb2 20. Rab1
Qa3 21. Rxb7 Rac8 22. Rxd7 Rxc3 23. Rxa7 Qxa7 24. Qxc3 Qxa2 25. Ra1 Qe2 26. Bf3
Qb5 27. Kg2 h6 28. Ra8 Rxa8 29. Bxa8 Qa6 30. Qc6 Qxc6+ 31. Bxc6 Kf8 32. Kf3 Ke7
33. Ke4 Kd6 34. Ba4 g5 35. g4 f6 36. Bb3 Ke7 37. Bc2 Kd6 38. Kd4 Kc6 39. Bb1
Kd6 40. Be4 Ke7 41. Kc5 f5 42. gxf5 exf5 43. Bxf5 Kf6 44. Bg4 Kg6 45. Kd5 h5
46. Bc8 g4 47. Ke4 Kg5 48. h3 gxh3 49. Bxh3 Kf6 50. Kf4 1-0

[Event "Open"]
[Site "Schneeberg"]
[Date "2009.03.10"]
[Round "2.2"]
[White "Faber, Lutz"]
[Black "Stark, Saskia"]
[Result "1/2-1/2"]
[WhiteElo "1749"]
[BlackElo "1929"]
[PlyCount "63"]
[EventDate "2009.??.??"]

1. Nc3 c5 2. Nf3 e6 3. d4 cxd4 4. Nxd4 a6 5. e4 Qc7 6. Bd3 Nf6 7. O-O Bc5 8.
Nf3 d6 9. a3 Nbd7 10. Qe2 b5 11. b4 Bxf2+ 12. Qxf2 Qxc3 13. Bd2 Qc7 14. h3 Bb7
15. Qh4 d5 16. exd5 Nxd5 17. Rae1 N7f6 18. Ne5 h6 19. g4 Qb6+ 20. Kh2 O-O-O 21.
Nxf7 Qc7+ 22. Ne5 h5 23. g5 Ng4+ 24. hxg4 hxg4 25. Qxh8 Rxh8+ 26. Kg3 Qb6 27.
Nxg4 Nc7 28. Ne5 Qd4 29. Rf4 Qd5 30. Rf2 Qd4 31. Rf4 Qd5 32. Rf2 1/2-1/2

[Event "Open"]
[Site "Schneeberg"]
[Date "2009.03.10"]
[Round "2.2"]
[White "Vodel, Mathias"]
[Black "Gottwald, Lutz"]
[Result "1/2-1/2"]
[WhiteElo "1715"]
[BlackElo "1900"]
[PlyCount "134"]
[EventDate "2009.??.??"]
[WhiteTeam "Deutschland"]
[BlackTeam "Deutschland"]
[WhiteTeamCountry "GER"]
[BlackTeamCountry "GER"]

1. e4 c6 2. d4 d5 3. e5 Bf5 4. Ne2 e6 5. Ng3 Bg6 6. Bd3 Bxd3 7. Qxd3 c5 8. dxc5
Qc7 9. O-O Bxc5 10. Be3 Nd7 11. Bxc5 Qxc5 12. Re1 Ne7 13. Nd2 Ng6 14. Nf3 O-O
15. c3 Rfc8 16. h4 Qc4 17. Qd4 Qxd4 18. cxd4 Rc2 19. Rac1 Rac8 20. Rxc2 Rxc2
21. Re2 Rc1+ 22. Kh2 Nb8 23. Rd2 Nc6 24. Ne2 Rc4 25. g4 f6 26. b3 Rb4 27. h5
Nge7 28. exf6 gxf6 29. Nf4 e5 30. Nd3 Nxd4 31. Nh4 Rb5 32. Kg2 Kf7 33. g5 Nef5
34. Nxf5 Nxf5 35. Rc2 Ke6 36. a4 Rb6 37. Nc5+ Kd6 38. gxf6 Nh6 39. f3 Rb4 40.
Rc3 b6 41. Na6 Rf4 42. Rc7 Rxf6 43. Rxh7 Nf7 44. Kg3 d4 45. Nb4 a5 46. Nd3 Ng5
47. Rb7 Rxf3+ 48. Kg4 Rxd3 49. Kxg5 Kc6 50. Re7 Re3 51. h6 d3 52. h7 Rh3 53.
Re6+ Kc5 54. Rh6 Rxh6 55. Kxh6 d2 56. h8=Q d1=Q 57. Qxe5+ Qd5 58. Qc3+ Kd6 59.
Qg3+ Kc6 60. Qc3+ Qc5 61. Qf3+ Qd5 62. Qc3+ Kd7 63. Qg7+ Kd6 64. Qg3+ Qe5 65.
Qd3+ Kc6 66. Qc4+ Kd7 67. Kg6 Qe6+ 1/2-1/2